EPIC: The Musical - Lyrics Sort #30 - God Games - Statistics

General Stats
  • This quiz has been taken 429 times
  • The average score is 39 of 82
Answer Stats
Hint Answer % Correct
Line 1 Father, God King
99%
Line 2 Rarely do I ask for favors
96%
Line 3 Now I'm knocking on your door
94%
Line 4 With hopes to save a friendship with one who's a prisoner far from home
92%
Line 5 Odysseus
89%
Line 6 Divine intervention, is that what you seek?
88%
Line 10 Convince each of them that he ought to be released
87%
Line 9 But if he's worth the risk of going under, why not make it a game?
86%
Line 7 To untie apprehensions that were placed on that Greek?
86%
Line 8 You are playing with thunder, for a man full of shame
85%
Line 11 And I'll release him
81%
Line 13 Apollo [1]
80%
Line 12 Who's them?
80%
Line 15 Aphrodite [1]
74%
Line 14 Hephaestus [1]
73%
Line 16 Ares, Hera, or me
47%
Line 26 So with so many sirens gone, I think Ody's in the wrong
46%
Line 25 You all know I'm a fan of catchy songs
46%
Line 28 All he did was reimburse them
45%
Line 24 Apollo! [2]
44%
Line 30 To live another day and sing another verse
44%
Line 36 Did you forget they failed to listen?
43%
Line 32 Hephaestus! [2]
43%
Line 29 Now they'll tread with caution first
43%
Line 27 They were trying to do him worse
43%
Line 33 Trust is not given, it's forged
43%
Line 41 Aphrodite! [2]
42%
Line 23 Bring it
42%
Line 38 But if you make the right decision
42%
Line 43 Claims to love his mother but let her die of a broken heart
42%
Line 39 He can still build a future with those who miss him
42%
Line 35 He sacrificed his own cohort
42%
Line 37 He was betrayed and then imprisoned
42%
Line 44 He was busy fighting
42%
Line 54 Hides inside a wooden horse to get the job done
42%
Line 31 If that's true, release him
42%
Line 46 Let him feel the pain that his mother felt and rot
42%
Line 45 More like busy spiting the cyclops
42%
Line 56 Pathetic and weak like his son!
42%
Line 48 Really Athena? These old tricks?
42%
Line 47 Wait, please reconsider this
42%
Line 51 What kind of sick coward holds back his power
42%
Line 34 Why should I give him my support?
42%
Line 42 Your little high and mighty Odysseus
42%
Line 50 Ares, Ares
41%
Line 53 He didn't even fight Scylla, didn't even try to kill her!
41%
Line 61 He'll make everybody bleed
41%
Line 57 Hold your tongue now, his son's my friend
41%
Line 60 Then set him free to get back to his homestead
41%
Line 52 While his friends get devoured?
41%
Line 59 You want more bloodshed?
41%
Line 58 And tell your lover that a broken heart can mend
40%
Line 49 Ares!
40%
Line 40 Fine, release him
40%
Line 17 What do you say?
40%
Line 55 Never handles things up front
39%
Line 22 Groovy
38%
Line 70 Never once has he cheated on his wife
38%
Line 19 Very well
38%
Line 18 Great
37%
Line 21 Alright!
36%
Line 66 Give me one good reason why yours should prevail
36%
Line 67 He's got the mind of a genius (try harder)
36%
Line 69 He's kind of funny? Eh
36%
Line 62 Ugh, release him
36%
Line 68 He's pretty skilled with words (You can do better than that)
35%
Line 65 So many heroes, so many tales
35%
Line 75 To make me feel shame?
35%
Line 72 I've played your game and won
34%
Line 76 No one beats me, no one wins my game!
34%
Line 78 Show her I'm the judgement call
34%
Line 79 The one who makes her kingdom fall
34%
Line 77 Thunder, bring her through the wringer
34%
Line 74 You dare to defy me?
34%
Line 20 Eh
33%
Line 64 Hera!
33%
Line 82 Let him go
33%
Line 80 Is she dead?
31%
Line 71 Release him [1]
30%
Line 73 Release him [2]
30%
Line 63 Hey, baby
29%
Line 81 Let him go, please
28%
No matching quizzes found
Score Distribution
Percent of People with Each Score
Percentile by Number Answered
Your Score History
You have not taken this quiz